|
|
|
|
| LEADER |
00000naa2a2200000 4500 |
| 001 |
629542 |
| 005 |
20231101133551.0 |
| 035 |
|
|
|a (RuTPU)RU\TPU\conf\30197
|
| 035 |
|
|
|a RU\TPU\conf\30192
|
| 090 |
|
|
|a 629542
|
| 100 |
|
|
|a 20190718d2019 k y0rusy50 ca
|
| 101 |
0 |
|
|a eng
|
| 102 |
|
|
|a RU
|
| 105 |
|
|
|a y z 101zy
|
| 135 |
|
|
|a drgn ---uucaa
|
| 181 |
|
0 |
|a i
|
| 182 |
|
0 |
|a b
|
| 200 |
1 |
|
|a Characteristics of coatings based on maleinized aliphatic petroleum resins
|f S. I. Gamzatova, L. A. Mikheeva
|g sci. adv. L. I. Bondaletova
|
| 203 |
|
|
|a Текст
|c электронный
|
| 225 |
1 |
|
|a Химия и химическая технология на иностранном языке
|
| 230 |
|
|
|a 1 компьютерный файл (pdf; 647 Kb)
|
| 300 |
|
|
|a Заглавие с экрана
|
| 320 |
|
|
|a [Библиогр.: с. 504 (3 назв.)]
|
| 463 |
|
0 |
|0 (RuTPU)RU\TPU\conf\29907
|t Химия и химическая технология в XXI веке
|o материалы XX Международной научно-практической конференции имени профессора Л. П. Кулёва студентов и молодых ученых, 20–23 мая 2019 г., г. Томск
|f Национальный исследовательский Томский политехнический университет
|v [С. 503-504]
|d 2019
|
| 610 |
1 |
|
|a электронный ресурс
|
| 610 |
1 |
|
|a труды учёных ТПУ
|
| 610 |
1 |
|
|a покрытия
|
| 610 |
1 |
|
|a нефтяные смолы
|
| 610 |
1 |
|
|a полимерные смолы
|
| 610 |
1 |
|
|a адгезия
|
| 700 |
|
1 |
|a Gamzatova
|b S. I.
|
| 701 |
|
1 |
|a Mikheeva
|b L. A.
|
| 702 |
|
1 |
|a Bondaletova
|b L. I.
|c Chemical Engineer
|c Associate Professor of Tomsk Polytechnic University, Candidate of chemical sciences
|f 1956-
|g Lyudmila Ivanovna
|2 stltpush
|4 727
|
| 712 |
0 |
2 |
|a Национальный исследовательский Томский политехнический университет
|b Инженерная школа природных ресурсов
|b Отделение химической инженерии
|h 8085
|2 stltpush
|3 (RuTPU)RU\TPU\col\23513
|
| 801 |
|
2 |
|a RU
|b 63413507
|c 20190807
|g RCR
|
| 856 |
4 |
|
|u http://earchive.tpu.ru/handle/11683/55502
|
| 942 |
|
|
|c BK
|